Представление документа в формате RUSMARC

ПолеНазваниеЗначение
  Тип записи a
  Библиографический уровень m
001 Контрольный номер cbba24429fa5474386db5709726a8e0b
005 Дата корректировки 20150227094509.7
010 Индекс ISBN __
a ISBN 978-5-9916-4368-9
101 Язык документа 0_
a Язык текста rus
102 Страна публикации __
a Страна публикации RU
200 Заглавие и сведения об ответственности 1_
a Заглавие Теория менеджмента
b Общее обозначение материала Текст
e Сведения, относящиеся к заглавию учебник и практикум для академического бакалавриата
f Первые сведения об ответственности под ред проф. В.Я. Афанасьева
205 Сведения об издании __
a Основные сведения об издании 2-е изд., перераб. и доп.
210 Выходные данные 1_
a Место издания М.
c Издательство Юрайт
d Дата издания 2015
215 Физическое описание __
a Объем 665 с.
610 Ключевые слова 0_
a Ключевые слова менеджмент
a Ключевые слова генезис теории менеджмента
a Ключевые слова миссия менеджмента
a Ключевые слова методологические основы менеджмента
a Ключевые слова социальные и психологические основы менеджмента
a Ключевые слова личночть и менеджмент
a Ключевые слова процессный подход в менеджменте
a Ключевые слова информационные основы менеджмента
a Ключевые слова экономические основы менеджмента
a Ключевые слова корпоративный менеджмент
a Ключевые слова инновационный менеджмент
a Ключевые слова ресурсное обеспечение менеджмента
686 Индексы других классификаций __
a Классификационный индекс 65.291
702 Вторичная интеллектуальная ответственность _1
a Фамилия Афанасьев
b Имя В.Я.
g Полное личное имя Валентин Яковлевич
e Роль лиц Редактор
801 Источник записи _0
a Страна RU
b Организация РУК
g Правила каталогизации PSBO
801 Источник записи _1
a Страна RU
b Организация РУК
g Правила каталогизации PSBO
852 Данные о местонахождении __
i Авторский знак Т 338
j Шифр хранения 65.291.21
901 Тип документа __
t Тип документа m
937 Технологическая информация __
a Создатель записи (имя) Лобан
938 Служебная информация __
a Название организации Дальневосточный филиал
952 Тип литературы __
b Гриф литературы для ВШ гриф УМО
c Вид литературы учебник